000 00212nam a2200097Ia 4500
008 120527s9999 xx 000 0 und d
100 _aKANANI, M
245 _aSurgical Critical care
260 _bGMM
942 _cBK
999 _c25714
_d25714